Southville International School and Colleges
Your cart is empty.
  • Cart
  • Lists
    Public lists Eva Luna New books Lux_list list_1
    Your lists Log in to create your own lists
  • Log in to your account
  • Your cookies
  • Search history
Southville International School and Colleges
  • Advanced search
  • Recent comments
  • Most popular
  • Libraries

Log in to your account

Log in with GOOGLE


If you do not have an external account, but do have a local account, you can still log in:

  1. Home
  2. MARC view: The sea of monsters /
Normal view MARC view ISBD view

The sea of monsters / (Record no. 34933)

[ view plain ]
MARC details
000 -LEADER
fixed length control field 01671cam a22004333a 4500
001 - CONTROL NUMBER
control field 14500976
003 - CONTROL NUMBER IDENTIFIER
control field OSt
005 - DATE AND TIME OF LATEST TRANSACTION
control field 20140310184515.0
008 - FIXED-LENGTH DATA ELEMENTS--GENERAL INFORMATION
fixed length control field 060816s2006 nyu c 000 1 eng d
010 ## - LIBRARY OF CONGRESS CONTROL NUMBER
LC control number 2006280771
020 ## - INTERNATIONAL STANDARD BOOK NUMBER
International Standard Book Number 9780439027021
020 ## - INTERNATIONAL STANDARD BOOK NUMBER
International Standard Book Number 0439027020
035 ## - SYSTEM CONTROL NUMBER
System control number (OCoLC)ocm64664383
040 ## - CATALOGING SOURCE
Original cataloging agency GZG
Transcribing agency GZG
Modifying agency BAKER
-- EHH
-- TXI
-- IXA
-- DLC
050 00 - LIBRARY OF CONGRESS CALL NUMBER
Classification number PZ 7
Item number .R585 2007
100 1# - MAIN ENTRY--PERSONAL NAME
Personal name Riordan, Rick.
9 (RLIN) 18585
245 14 - TITLE STATEMENT
Title The sea of monsters /
Statement of responsibility, etc Rick Riordan.
250 ## - EDITION STATEMENT
Edition statement 1st ed.
260 ## - PUBLICATION, DISTRIBUTION, ETC. (IMPRINT)
Place of publication, distribution, etc New York :
Name of publisher, distributor, etc Miramax Books/Hyperion Books for Children,
Date of publication, distribution, etc 2007.
300 ## - PHYSICAL DESCRIPTION
Extent 279 p. :
Dimensions 22 cm.
490 1# - SERIES STATEMENT
Series statement Percy Jackson & the Olympians ;
Volume number/sequential designation bk. 2
521 ## - TARGET AUDIENCE NOTE
Target audience note
526 ## - STUDY PROGRAM INFORMATION NOTE
Reading level 740
650 #0 - SUBJECT ADDED ENTRY--TOPICAL TERM
Topical term or geographic name as entry element Mythology, Greek
Form subdivision Juvenile fiction.
9 (RLIN) 23247
650 #1 - SUBJECT ADDED ENTRY--TOPICAL TERM
Topical term or geographic name as entry element Mythology, Greek
Form subdivision Fiction.
9 (RLIN) 23248
650 #1 - SUBJECT ADDED ENTRY--TOPICAL TERM
Topical term or geographic name as entry element Camps
Form subdivision Fiction.
9 (RLIN) 23249
650 #1 - SUBJECT ADDED ENTRY--TOPICAL TERM
Topical term or geographic name as entry element Friendship
Form subdivision Fiction.
9 (RLIN) 23250
650 #1 - SUBJECT ADDED ENTRY--TOPICAL TERM
Topical term or geographic name as entry element Fathers and sons
Form subdivision Fiction.
9 (RLIN) 23251
650 #1 - SUBJECT ADDED ENTRY--TOPICAL TERM
Topical term or geographic name as entry element Poseidon (Greek deity)
Form subdivision Fiction.
9 (RLIN) 23252
650 #1 - SUBJECT ADDED ENTRY--TOPICAL TERM
Topical term or geographic name as entry element Hades (Greek deity)
Form subdivision Fiction.
9 (RLIN) 23253
650 #1 - SUBJECT ADDED ENTRY--TOPICAL TERM
Topical term or geographic name as entry element Zeus (Greek deity)
Form subdivision Fiction.
9 (RLIN) 23254
655 #7 - INDEX TERM--GENRE/FORM
Genre/form data or focus term Fantasy fiction.
Source of term gsafd
9 (RLIN) 3053
800 1# - SERIES ADDED ENTRY--PERSONAL NAME
Personal name Riordan, Rick.
Title of a work Percy Jackson & the Olympians ;
Volume/sequential designation bk. 2.
9 (RLIN) 23255
856 42 - ELECTRONIC LOCATION AND ACCESS
Materials specified Publisher description
Uniform Resource Identifier <a href="http://www.loc.gov/catdir/enhancements/fy0912/2006280771-d.html">http://www.loc.gov/catdir/enhancements/fy0912/2006280771-d.html</a>
906 ## - LOCAL DATA ELEMENT F, LDF (RLIN)
a 7
b cbc
c copycat
d 2
e ncip
f 20
g y-gencatlg
942 ## - ADDED ENTRY ELEMENTS (KOHA)
Source of classification or shelving scheme Library of Congress Classification
Koha item type
Holdings
Withdrawn status Lost status Source of classification or shelving scheme Damaged status Home library Current library Shelving location Date acquired Total Checkouts Full call number Barcode Date last seen Copy number Price effective from Koha item type
    Library of Congress Classification   Luxembourg Library Luxembourg Library Scholastic Reading Center Section 10/16/2013   PZ 7 .R585 2007 SCHO0475 04/18/2017 1 10/16/2013 Books

The sea of monsters /

APA

Riordan R., . (2007). The sea of monsters. New York: Miramax Books/Hyperion Books for Children.

Chicago

Riordan Rick, . 2007. The sea of monsters. New York: Miramax Books/Hyperion Books for Children.

Harvard

Riordan R., . (2007). The sea of monsters. New York: Miramax Books/Hyperion Books for Children.

MLA

Riordan Rick, . The sea of monsters. New York: Miramax Books/Hyperion Books for Children. 2007.

  • Place hold
  • Print
  • Cite
  • Add to your cart (remove)
  • Save record
    BIBTEX Dublin Core MARCXML MARC (non-Unicode/MARC-8) MARC (Unicode/UTF-8) MARC (Unicode/UTF-8, Standard) MODS (XML) RIS
  • More searches
    Search for this title in:
    Other Libraries (WorldCat) Other Databases (Google Scholar) Online Stores (Bookfinder.com) Open Library (openlibrary.org)

Exporting to Dublin Core...

SOUTHVILLE LIBRARY

Southville International School and Colleges Library

1281 Tropical Ave. Cor. Luxembourg St., BF Homes International, Las Pinas City

Tel. No. 8256374 / 252358 Loc. 117/146

Powered by Koha